Súčasné metódy získavania zamestnancov diplomová práca

Guardado en:
Detalles Bibliográficos
Autor principal: Lukáček, Marta
Autor Corporativo: Fakulta podnikového manažmentu EU. Katedra manažmentu
Otros Autores: Joniaková, Zuzana, 1970-
Formato: Libro
Lenguaje:eslovaco
Publicado: Bratislava 2018
Etiquetas: Agregar Etiqueta
Sin Etiquetas, Sea el primero en etiquetar este registro!

MARC

LEADER 00000nbm a2200000 4500
001 0244622
005 20180920130820.4
041 0 |a slo 
044 |a SK 
245 1 0 |a Súčasné metódy získavania zamestnancov  |b diplomová práca  |c Marta Lukáček ; školiteľ: Zuzana Joniaková 
264 1 |a Bratislava  |c 2018 
300 |a 74 s. 
100 1 |a Lukáček, Marta 
700 1 |a Joniaková, Zuzana, 1970- 
710 2 |a Fakulta podnikového manažmentu EU. Katedra manažmentu